00982cam a22003134i 4500003000900000005001700009008004100026020001500067035002700082040003300109082002100142100003600163245008300199264003500282300003800317336002100355337002500376338002300401505009100424526000900515526000900524526000800533526000800541526000800549526000800557630003700565650003500602700003100637PE-LiUPU20250731175644.0150616s r 000 0 d a0802463169 a(Sirsi) i9780802463166 aPE-LiUPUbspacPE-LiUPUerda04a492.415bB292211 aBeall, Todd S.,d1952-,eautor.10aOld Testament Parsing Guide: Job - Malachi /cTodd S. Beall, William A. Banks. 1aChicago :bMoody Press,c1990. a299 páginas ;c24 centímetros atext2rdacontent aunmediated2rdamedia avolume2rdacarrier0 aGuia para el análisis gramatical del Antiguo Testamento desde Job hasta Malaquías. aP145 aP127 aP97 aP35 aP14 aP07 aBiblia.pA.T.xLenguaje, estilo.04aHebreo bíblicoxGramática.1 aBanks, William A.,eautor.